000 01135nam a2200253Ia 4500
999 _c54726
_d54726
001 21793
003 GE_BSU
005 20220414162700.0
008 181216s2016||||ge |||||||||||||| ||geo||
020 _a9789941114977
040 _cGE_BSU
041 _ageo
080 _a821.133.1-31 ბ-95
100 _aბული, პიერ
_913680
245 _aხიდი მდინარე კვაიზე :
_bრომანი /
_cპიერ ბული ; ფრანგულიდან თარგმნა ზაზა შენგელიამ.
264 _aთბილისი :
_bდიოგენე,
_c2016.
300 _a166 გვ. ;
_c19 სმ.
500 _aწიგნი გამოიცა ფრანგული ინ-ტის საგამომცემლო დახმარების პროგრამის ფარგლებში
541 _h3 ლ.
653 _aრომანი
653 _aხიდი მდინარე კვაიზე
700 _aშენგელია, ზაზა
_eმთარგმნელი
_913681
942 _cBK
_2udc